00537nam a22001697a 450000500170000001000150001702000300003203500140006203700130007608200140008910000230010324500870012626000230021327000900023630000210032670000200034720190912160935.0 aENG-126463 c339.00a978-93-534-3245-4 aEN-109995 bDBAD/PUB a320.10954 aSingh,Abhay Prasad aPolitical Process In Contemporary India/cAbhay Prasad Singh [and] Krishna Murari  aU.PbPearsonc2019 bNoidaa15th Floor, Tower-B,World Trade Tower,Plot No. 1, Block-C, Sector 16,,e201301 a359p.c22cm(pbk) aMurari ,Krishna